Reestructuración y normalización del proceso del área productivo de chinela en Rolter de Nicaragua S.A

El presente trabajo propone la reestructuración y normalización del proceso productivo del área de chinela en la Empresa ROLTER S.A, lo que permitirá ver la conveniencia de actualizar la distribución de la planta, además de presentar estrategias que permitan promover el desarrollo y elevar la...

Full description

Bibliographic Details
Main Authors: Molina Cruz, Silvia Suyen, Ocón Herrera, Juana Patricia
Other Authors: Tutor: Cáceres Antón, Juan Agustín
Format: Tesis Section = Libro
Language:Undetermined
Spanish
Published: Managua UNI 2000
Subjects:
LEADER 01361nam a2200229Ia 4500
008 240830s9999 xx 000 0 und d
040 |a BIBLIOTECA-RUPAP Mon 658.516 M722 
041 |a spa 
082 |a Mon 658.516 M722 
100 1 |a Molina Cruz, Silvia Suyen 
100 1 |b  Ocón Herrera, Juana Patricia 
245 1 0 |a Reestructuración y normalización del proceso del área productivo de chinela en Rolter de Nicaragua S.A 
260 |a Managua  |b UNI  |c 2000 
300 |a 192 p. :il. 
502 |a Tesis (Ingeniero Industrial)- UNI, 2000. 
520 3 |a El presente trabajo propone la reestructuración y normalización del proceso productivo del área de chinela en la Empresa ROLTER S.A, lo que permitirá ver la conveniencia de actualizar la distribución de la planta, además de presentar estrategias que permitan promover el desarrollo y elevar la productividad de la misma. Se incluye un estudio de trabajo, en el que se definen los procedimientos para la medición del trabajo; así como el muestreo de actividades de los operarios del área de chinela. Contempla el estudio de rentabilidad de un recortador en las instalaciones y un recortador foráneo. 
650 7 |a ESTANDARIZACIÓN 
650 7 |b REESTRUCTURACIÓN - ROLTER S.A. 
700 1 |a Tutor:  |b Cáceres Antón, Juan Agustín 
942 |c BK  |2 ddc 
991 |a TESIS 
999 |c 17485